[Event "X. Solinger Karnevalsopen"]
[Site "Solingen"]
[Date "2019.03.03"]
[Round "4.25"]
[White "Spranzel, Dietmar"]
[Black "Meckel, Helmut"]
[Result "1/2-1/2"]
[WhiteElo "1558"]
[BlackElo "1819"]
[PlyCount "247"]
[EventDate "2019.??.??"]
[WhiteTeam "SF Schlebusch"]
[BlackTeam "SG Solingen"]

1. d4 f5 2. e4 fxe4 3. Nc3 Nf6 4. Bg5 e6 5. Nxe4 Be7 6. Bxf6 Bxf6 7. Nxf6+ Qxf6
8. Qh5+ g6 9. Qe5 Qxe5+ 10. dxe5 O-O 11. Nf3 b6 12. Be2 Bb7 13. O-O-O Rf7 14.
h4 h6 15. Rhf1 Rf4 16. Rd2 Bc6 17. Rd3 Na6 18. g3 Re4 19. Rd2 Rxe2 20. Rxe2
Bxf3 21. Rd2 Rd8 22. Rd4 Nc5 23. Rf4 Rf8 24. Rxf8+ Kxf8 25. Kd2 Ke7 26. Ke3 Bc6
27. f3 d5 28. b4 Nd7 29. f4 Bb5 30. Ra1 Ba4 31. Rc1 c5 32. a3 Kd8 33. c3 Kc7
34. h5 g5 35. fxg5 Nxe5 36. g6 Bb5 37. Re1 Kd6 38. Rg1 Ke7 39. Kf4 Kf6 40. bxc5
bxc5 41. Rb1 a6 42. a4 Bd3 43. Rb6 d4 44. cxd4 cxd4 45. g7 Bh7 46. Rxa6 Nd3+
47. Kf3 Nc5 48. Ra8 Be4+ 49. Kf2 Kxg7 50. Ra7+ Kf6 51. a5 Bd3 52. Rc7 Nb3 53.
Rd7 Ke5 54. Rd8 Nxa5 55. Rh8 Kd5 56. Rxh6 e5 57. Rh8 e4 58. Rd8+ Kc4 59. Rc8+
Kb3 60. Rd8 Kc3 61. h6 Nb3 62. Rd7 Kd2 63. Re7 e3+ 64. Kf3 Kd1 65. Rxe3 Nd2+
66. Kf4 dxe3 67. Kxe3 Bc2 68. g4 Nc4+ 69. Kf4 Nd6 70. Ke5 Nf7+ 71. Kf6 Nxh6 72.
g5 Ng4+ 73. Ke6 Ke2 74. Kf7 Ne5+ 75. Kf6 Ng6 76. Kf7 Kf3 77. Kg7 Kf4 78. Kf6
Kg4 79. Ke6 Kxg5 80. Kd5 Kf5 81. Kd4 Ne5 82. Kc3 Bd3 83. Kd4 Kf4 84. Kc3 Ke4
85. Kb2 Kd4 86. Kb3 Nc6 87. Kb2 Na5 88. Ka3 Kc3 89. Ka4 Nb3 90. Ka3 Nc1 91. Ka4
Bc4 92. Ka5 Nd3 93. Kb6 Bd5 94. Kc7 Kd4 95. Kd6 Nc5 96. Ke7 Ke5 97. Kf8 Kf6 98.
Ke8 Nb7 99. Kd7 Be4 100. Kc7 Ke6 101. Kb6 Kd6 102. Kb5 Nc5 103. Kc4 Ne6 104.
Kb4 Nd4 105. Kc4 Ne2 106. Kb4 Bc2 107. Ka3 Kc5 108. Kb2 Bd1 109. Ka3 Kb5 110.
Kb2 Kb4 111. Ka2 Kc3 112. Ka3 Nd4 113. Ka2 Bc2 114. Ka3 Nc6 115. Ka2 Be4 116.
Ka1 Na5 117. Ka2 Nb3 118. Ka3 Bb1 119. Ka4 Nc5+ 120. Kb5 Kd4 121. Kc6 Ne4 122.
Kd7 Kd5 123. Ke7 Ke5 124. Kf7 1/2-1/2

[Event "X. Solinger Karnevalsopen"]
[Site "Solingen"]
[Date "2019.03.03"]
[Round "4.26"]
[White "Stracke, André"]
[Black "Meyer zu Kniendorf, Jochen"]
[Result "1/2-1/2"]
[WhiteElo "1394"]
[BlackElo "1723"]
[PlyCount "58"]
[EventDate "2019.??.??"]
[WhiteTeam "SF Lennep"]
[BlackTeam "Düsseldorfer SK"]

1. e4 g6 2. d4 Bg7 3. Nf3 c5 4. c3 cxd4 5. cxd4 d5 6. e5 Nh6 7. Bd3 O-O 8. O-O
Nc6 9. Bd2 Qb6 10. Nc3 Rd8 11. Na4 Qc7 12. Rc1 Bg4 13. h3 Bxf3 14. Qxf3 Rac8
15. Be3 Qb8 16. Nc5 Nb4 17. Bb1 b6 18. Nb3 Qb7 19. g4 Qd7 20. Qg3 f6 21. f4 f5
22. g5 Nf7 23. Kf2 e6 24. h4 Kf8 25. Rh1 Ke7 26. h5 Rh8 27. Bd2 Nc6 28. Bd3 Qb7
29. Bb5 a6 1/2-1/2

[Event "X. Solinger Karnevalsopen"]
[Site "Solingen"]
[Date "2019.03.03"]
[Round "4.27"]
[White "Bießner, Eberhard"]
[Black "Hapka, Luca"]
[Result "0-1"]
[WhiteElo "1720"]
[BlackElo "1233"]
[PlyCount "70"]
[EventDate "2019.??.??"]
[WhiteTeam "Rheydter SV"]
[BlackTeam "Fideler Bauer Leverkusen"]

1. e4 e5 2. Nf3 Nc6 3. Bc4 Nf6 4. Nc3 Bb4 5. d3 Bxc3+ 6. bxc3 d6 7. Bg5 Be6 8.
Bb5 a6 9. Ba4 b5 10. Bb3 Bxb3 11. cxb3 Nb8 12. a4 Nbd7 13. d4 bxa4 14. Rxa4 Qe7
15. Qd3 O-O 16. Bxf6 Nxf6 17. d5 a5 18. O-O Rfb8 19. Nd2 Nd7 20. Qc2 Nc5 21.
Ra2 Ra6 22. Rfa1 Rba8 23. Nc4 Qh4 24. Nd2 Qd8 25. Nc4 Qh4 26. Nd2 Qd8 27. f3 c6
28. Nc4 cxd5 29. exd5 g6 30. b4 axb4 31. cxb4 Rxa2 32. Rxa2 Rxa2 33. Qxa2 Qh4
34. Kf1 Nd3 35. Ke2 Qf2+ 0-1

[Event "X. Solinger Karnevalsopen"]
[Site "Solingen"]
[Date "2019.03.03"]
[Round "4.28"]
[White "Neu, Martin"]
[Black "Reinacher, Detlev"]
[Result "1-0"]
[WhiteElo "1233"]
[BlackElo "1697"]
[PlyCount "31"]
[EventDate "2019.??.??"]
[WhiteTeam "SG Niederkassel"]
[BlackTeam "SC Hansa Dortmund"]

1. d4 d6 2. Nf3 g6 3. c4 Bg7 4. Nc3 Nf6 5. Bf4 O-O 6. e3 c6 7. Be2 Nbd7 8. Nd2
Qc7 9. d5 e5 10. dxe6 fxe6 11. O-O e5 12. Bg3 b6 13. Nde4 Nxe4 14. Nxe4 d5 15.
cxd5 cxd5 16. Qxd5+ 1-0

[Event "X. Solinger Karnevalsopen"]
[Site "Solingen"]
[Date "2019.03.03"]
[Round "4.29"]
[White "Ringeltaube, Denny"]
[Black "Krol, Julian"]
[Result "1-0"]
[WhiteElo "1680"]
[BlackElo "832"]
[PlyCount "89"]
[EventDate "2019.??.??"]
[WhiteTeam "Klub Kölner SF"]
[BlackTeam "SF Schlebusch"]

1. e4 e6 2. d4 d5 3. exd5 exd5 4. Bd3 c5 5. c3 b6 6. Nf3 Bd6 7. O-O Nf6 8. Re1+
Be7 9. Qe2 c4 10. Bc2 h6 11. Bf4 Be6 12. Nbd2 O-O 13. Ne5 Qc8 14. Ndf3 Nc6 15.
Rad1 a6 16. Bb1 Rd8 17. Nxc6 Qxc6 18. Qc2 Bd6 19. Bxd6 Qxd6 20. Ne5 Re8 21. Re3
Re7 22. Rde1 Rae8 23. h3 Bc8 24. Rf3 g6 25. Qd2 Kg7 26. Rg3 Nd7 27. f4 Kf8 28.
Rf1 b5 29. f5 g5 30. Nxd7+ Bxd7 31. Rgf3 Re2 32. Qd1 a5 33. R3f2 Rxf2 34. Rxf2
b4 35. f6 Qg3 36. Re2 Rxe2 37. Qxe2 Qd6 38. Qf2 bxc3 39. bxc3 Qb6 40. Bh7 Be6
41. Qg3 Ke8 42. h4 gxh4 43. Qxh4 Qb2 44. Qg3 Qxa2 45. Qd6 1-0

[Event "X. Solinger Karnevalsopen"]
[Site "Solingen"]
[Date "2019.03.03"]
[Round "4.30"]
[White "Jorke, Roland"]
[Black "Hartjes, Jenny"]
[Result "0-1"]
[WhiteElo "1422"]
[BlackElo "1668"]
[PlyCount "102"]
[EventDate "2019.??.??"]
[WhiteTeam "Ohligser Turnverein"]
[BlackTeam "OSC Rheinhausen"]

1. Nf3 Nf6 2. c4 g6 3. g3 Bg7 4. Bg2 O-O 5. O-O c5 6. d4 d6 7. b3 Nbd7 8. Bb2
cxd4 9. Nxd4 Rb8 10. Nd2 Nc5 11. Rb1 Bd7 12. Qc2 a6 13. Ne4 Ncxe4 14. Bxe4 Nxe4
15. Qxe4 e5 16. Nc2 Bf5 17. Qd5 Bxc2 18. Rbc1 Bf5 19. e4 Be6 20. Qd2 Qb6 21.
Kg2 Rfd8 22. Bc3 Qa7 23. Ba5 b6 24. Bb4 Bf8 25. Bc3 b5 26. Ba5 Rd7 27. Qc2 bxc4
28. bxc4 Rdb7 29. Qd3 Qc5 30. Bd2 Rc8 31. Rfe1 Qc6 32. Be3 Qd7 33. Re2 Rbc7 34.
Rec2 Qa4 35. Qb3 Qxb3 36. axb3 Rb7 37. Rc3 Be7 38. f4 Bd8 39. fxe5 dxe5 40. Rd3
Rd7 41. Rdc3 Rb8 42. Kf3 Ba5 43. R3c2 Rxb3 44. Kf2 Bb4 45. c5 Rdd3 46. Re2 Bg4
47. Rec2 Rxe3 48. c6 Rec3 49. c7 Rxc2+ 50. Rxc2 Rc3 51. Rb2 a5 0-1

[Event "X. Solinger Karnevalsopen"]
[Site "Solingen"]
[Date "2019.03.03"]
[Round "4.31"]
[White "Bolz, Jannis"]
[Black "Jacobi, Niklas"]
[Result "0-1"]
[WhiteElo "1461"]
[BlackElo "1812"]
[PlyCount "84"]
[EventDate "2019.??.??"]
[WhiteTeam "DJK Aufwärts Aachen"]
[BlackTeam "SV Wesel"]

1. e4 c5 2. b4 b6 3. Bc4 e6 4. Qe2 Bb7 5. Nf3 Be7 6. Bb2 Nf6 7. bxc5 bxc5 8. e5
Nd5 9. O-O O-O 10. Nc3 Nxc3 11. Bxc3 Nc6 12. a3 Qc7 13. Bd3 f5 14. Rfe1 Nd8 15.
Bc4 Nf7 16. Ba6 Bxa6 17. Qxa6 Ng5 18. Nxg5 Bxg5 19. Rab1 Rfb8 20. Ba5 Rxb1 21.
Rxb1 Qxe5 22. Qb7 Qd5 23. Qxd5 exd5 24. Rb7 d6 25. g3 Kf8 26. d3 a6 27. Rd7 Be7
28. Bc7 Ke8 29. Rxd6 Bxd6 30. Bxd6 c4 31. dxc4 dxc4 32. c3 Kd7 33. Bb4 Kc6 34.
Kg2 Re8 35. Kf3 Re4 36. h4 h5 37. Bf8 g6 38. Bb4 Kb5 39. Bd6 Ka4 40. Bf8 a5 41.
Bc5 Kb3 42. Bb6 a4 0-1

[Event "X. Solinger Karnevalsopen"]
[Site "Solingen"]
[Date "2019.03.03"]
[Round "4.32"]
[White "Mukovskiy, Peter"]
[Black "Soechting, Marc"]
[Result "1-0"]
[WhiteElo "1545"]
[BlackElo "1484"]
[PlyCount "117"]
[EventDate "2019.??.??"]
[WhiteTeam "Düsseldorfer SK"]
[BlackTeam "SF Anna Wuppertal"]

1. d4 Nf6 2. c4 e6 3. Nc3 Bb4 4. Qc2 b6 5. Nf3 Bb7 6. Bg5 h6 7. Bd2 d6 8. g3
Nbd7 9. Bg2 Bxc3 10. Bxc3 Qe7 11. O-O O-O-O 12. a4 Ne4 13. a5 Nxc3 14. Qxc3 Nf6
15. Nd2 Bxg2 16. Kxg2 Kd7 17. Qf3 d5 18. Qa3 Qxa3 19. Rxa3 h5 20. Rc1 Rb8 21.
cxd5 Nxd5 22. e4 Ne7 23. axb6 axb6 24. Rac3 Rb7 25. Nf3 f6 26. Kf1 c6 27. Ra3
Rc7 28. Ra6 b5 29. Ke2 g5 30. Kd3 g4 31. Nh4 Rf8 32. f3 f5 33. f4 fxe4+ 34.
Kxe4 Nd5 35. Ng6 Rfc8 36. Ne5+ Kd6 37. Rc5 b4 38. Rc4 Nf6+ 39. Kd3 Nd5 40. Kd2
b3 41. Kd3 Ne7 42. Rc3 Rb8 43. Nc4+ Kd5 44. Nb6+ Kd6 45. Rxb3 Rcb7 46. Nc4+ Kd5
47. Rab6 Rxb6 48. Nxb6+ Kd6 49. Nc4+ Kc7 50. Rxb8 Kxb8 51. Ke4 Kc7 52. Ke5 Nf5
53. Nd2 Kd7 54. Ne4 h4 55. gxh4 Nxh4 56. Nf6+ Ke7 57. Nxg4 Nf3+ 58. Ke4 Ng5+
59. fxg5 1-0

[Event "X. Solinger Karnevalsopen"]
[Site "Solingen"]
[Date "2019.03.03"]
[Round "4.33"]
[White "Petrovic, Julijan"]
[Black "Tanz, Manfred"]
[Result "0-1"]
[WhiteElo "1505"]
[BlackElo "1610"]
[PlyCount "86"]
[EventDate "2019.??.??"]
[WhiteTeam "Fideler Bauer Leverkusen"]

1. d4 d5 2. c4 c6 3. Nc3 Bf5 4. cxd5 cxd5 5. Qb3 e6 6. Qxb7 Nd7 7. Bf4 Rc8 8.
Qxa7 Bb4 9. Bd2 Ne7 10. Qa4 Bxc3 11. Bxc3 O-O 12. e3 Nb6 13. Qd1 Qd7 14. Rc1
Na4 15. Nf3 Nxc3 16. Rxc3 Rxc3 17. bxc3 Rc8 18. Ne5 Qa7 19. Qd2 f6 20. Nd3 Rb8
21. Nb4 Nc6 22. Be2 Nxb4 23. cxb4 Qa3 24. b5 Rc8 25. O-O Rc2 26. Qd1 Qxa2 27.
Bd3 Rd2 28. Bxf5 Rxd1 29. Bxe6+ Kf8 30. Rxd1 Ke7 31. Bc8 Qb2 32. Ba6 Kd6 33. g3
f5 34. Kg2 g5 35. Kf3 Kc7 36. Rf1 h5 37. h3 g4+ 38. hxg4 hxg4+ 39. Kf4 Qc2 40.
Ke5 Qe4+ 41. Kf6 Qc2 42. Kg5 Kb6 43. Bc8 Qxc8 0-1

[Event "X. Solinger Karnevalsopen"]
[Site "Solingen"]
[Date "2019.03.03"]
[Round "4.35"]
[White "Scheidtmann, Kian"]
[Black "Bauer, Juri"]
[Result "1/2-1/2"]
[WhiteElo "1106"]
[BlackElo "1427"]
[PlyCount "36"]
[EventDate "2019.??.??"]
[WhiteTeam "SG Solingen"]
[BlackTeam "Oberbilker SV"]

1. e4 e5 2. Nf3 Nc6 3. Bb5 Bc5 4. Nc3 Nh6 5. h3 d6 6. d4 exd4 7. Nxd4 Bd7 8.
Bxc6 Bxc6 9. O-O Qe7 10. Nxc6 bxc6 11. a3 O-O 12. Bxh6 gxh6 13. Re1 Qf6 14.
Qg4+ Kh8 15. Qf5 Qd4 16. Rad1 Qg7 17. Rd3 Bd4 18. Rg3 Qxg3 1/2-1/2

[Event "X. Solinger Karnevalsopen"]
[Site "Solingen"]
[Date "2019.03.03"]
[Round "5.1"]
[White "Bruil, Rembrandt"]
[Black "Walter, Andreas"]
[Result "0-1"]
[WhiteElo "2200"]
[BlackElo "2127"]
[PlyCount "92"]
[EventDate "2019.??.??"]
[WhiteTeam "SK Turm Kleve"]
[BlackTeam "SV Mülheim-Nord"]

1. d4 d5 2. c4 c6 3. Nf3 Nf6 4. e3 Bg4 5. h3 Bh5 6. g4 Bg6 7. Ne5 Nbd7 8. Nxg6
hxg6 9. Bg2 e6 10. Nc3 dxc4 11. Qe2 Nb6 12. O-O Qc7 13. e4 Be7 14. Be3 O-O 15.
f4 c5 16. d5 exd5 17. exd5 Ne8 18. Qf2 Rc8 19. Rae1 Nd6 20. Bxc5 Qxc5 21. Qxc5
Rxc5 22. Rxe7 Nbc8 23. Rd7 Re8 24. Kf2 Kf8 25. Rc1 b5 26. a3 a5 27. Na2 Re7 28.
Rxe7 Kxe7 29. Ke3 Nb6 30. Kd4 Rc8 31. Rc2 Kd7 32. Re2 Na4 33. Nc3 Nc5 34. Ne4
Nb3+ 35. Kc3 b4+ 36. axb4 Nb5+ 37. Kc2 N5d4+ 38. Kd1 Nxe2 39. Kxe2 axb4 40. Nd2
Nxd2 41. Kxd2 Kd6 42. Kc2 Kc5 43. b3 c3 44. Bf3 Ra8 45. Be4 Kd4 46. Bg2 Ra2+
0-1

[Event "X. Solinger Karnevalsopen"]
[Site "Solingen"]
[Date "2019.03.03"]
[Round "5.2"]
[White "Prieb, Robert"]
[Black "Braun, Christian"]
[Result "0-1"]
[WhiteElo "1793"]
[BlackElo "2392"]
[PlyCount "72"]
[EventDate "2019.??.??"]
[WhiteTeam "SG Bochum"]
[BlackTeam "DJK Aufwärts Aachen"]

1. d4 g6 2. c4 Bg7 3. e4 d6 4. Nf3 Nc6 5. Be2 Bg4 6. Be3 Bxf3 7. Bxf3 e5 8. d5
Nd4 9. Nd2 c5 10. Qa4+ Qd7 11. Qxd7+ Kxd7 12. Bd1 f5 13. f3 Bh6 14. Bxh6 Nxh6
15. Nb3 Rhf8 16. O-O Nf7 17. Nxd4 exd4 18. exf5 gxf5 19. f4 Nh6 20. h3 Ng8 21.
Bc2 Kc7 22. Rfe1 b5 23. b3 bxc4 24. bxc4 Rab8 25. Rab1 Rxb1 26. Rxb1 Nf6 27.
Kf2 Ne4+ 28. Bxe4 fxe4 29. g3 h5 30. Ke2 h4 31. Kf2 e3+ 32. Kf3 hxg3 33. Kxg3
d3 34. Kf3 e2 35. Ke3 Rxf4 36. Kd2 Rf1 0-1

[Event "X. Solinger Karnevalsopen"]
[Site "Solingen"]
[Date "2019.03.03"]
[Round "5.3"]
[White "Eckert, Marius"]
[Black "Jahrke, Jonas"]
[Result "1/2-1/2"]
[WhiteElo "1994"]
[BlackElo "1817"]
[PlyCount "108"]
[EventDate "2019.??.??"]
[WhiteTeam "SV Waltrop"]
[BlackTeam "SF Essen-Katernberg"]

1. d4 Nf6 2. Bf4 g6 3. Nc3 d5 4. e3 Bg7 5. h4 h5 6. Nf3 O-O 7. Be2 c5 8. Ne5
Nc6 9. Nxc6 bxc6 10. Be5 cxd4 11. exd4 Bg4 12. f3 Bd7 13. g4 hxg4 14. fxg4 Ne4
15. Nxe4 Bxe5 16. dxe5 dxe4 17. Qd4 Qa5+ 18. Kf2 Qd5 19. Rad1 Be6 20. c4 Qxd4+
21. Rxd4 f5 22. exf6 exf6 23. Rxe4 Rae8 24. Rd4 g5 25. Bf3 f5 26. gxf5 Rxf5 27.
Kg3 gxh4+ 28. Rdxh4 Ref8 29. Rh8+ Kf7 30. R1h7+ Ke8 31. Bxc6+ Kd8 32. Rxf8+
Rxf8 33. Rxa7 Rg8+ 34. Kf3 Bxc4 35. b3 Be6 36. Ra8+ Kc7 37. Rxg8 Bxg8 38. Be4
Kb6 39. Ke3 Kc5 40. Bc2 Kb4 41. a4 Bf7 42. Kd4 Be6 43. Ke5 Bf7 44. Kd6 Bh5 45.
Bd3 Kxb3 46. a5 Kb4 47. a6 Ka5 48. Kc7 Bf3 49. a7 Bg2 50. Bf1 Be4 51. Bc4 Bf3
52. Be6 Ka6 53. Kb8 Kb6 54. a8=R Bxa8 1/2-1/2

[Event "X. Solinger Karnevalsopen"]
[Site "Solingen"]
[Date "2019.03.03"]
[Round "5.4"]
[White "Borchert, Stephan"]
[Black "Scheffner, Jarno"]
[Result "1-0"]
[WhiteElo "1983"]
[BlackElo "1947"]
[PlyCount "53"]
[EventDate "2019.??.??"]
[WhiteTeam "SG Solingen"]
[BlackTeam "SK Nordhorn-Blanke"]

1. e4 c5 2. Nf3 d6 3. d4 cxd4 4. Nxd4 Nf6 5. Nc3 a6 6. Be3 e5 7. Nb3 Be6 8. f3
Be7 9. g4 d5 10. g5 Nxe4 11. Nxe4 dxe4 12. Qxd8+ Bxd8 13. fxe4 Nd7 14. O-O-O
Rc8 15. Kb1 Bg4 16. Rd2 Bf3 17. Bh3 Rc7 18. Rf1 Bh5 19. Rd5 f6 20. gxf6 Bxf6
21. Rf2 Bf7 22. Rd6 Ke7 23. Rfd2 Rd8 24. Nc5 Nxc5 25. Rxd8 Ne6 26. Rb8 Nd4 27.
Bc8 1-0

[Event "X. Solinger Karnevalsopen"]
[Site "Solingen"]
[Date "2019.03.03"]
[Round "5.5"]
[White "Speck, Stefan"]
[Black "Höfer, Severin Paul"]
[Result "1/2-1/2"]
[WhiteElo "1983"]
[BlackElo "1938"]
[PlyCount "64"]
[EventDate "2019.??.??"]
[WhiteTeam "SC Solingen 28"]
[BlackTeam "SF Stadtverwaltung Bonn"]

1. e4 e5 2. Nf3 Nc6 3. d4 exd4 4. Bc4 Nf6 5. O-O Nxe4 6. Nxd4 d5 7. Bb5 Bd7 8.
Nb3 a6 9. Re1 axb5 10. Qxd5 Be6 11. Qxe4 Be7 12. Nc3 O-O 13. Bf4 Bb4 14. Red1
Qh4 15. Bxc7 Qxe4 16. Nxe4 Rfc8 17. Bg3 h6 18. c3 Rxa2 19. Rxa2 Bxb3 20. Raa1
Bxd1 21. Rxd1 Be7 22. Rd7 Rd8 23. Rxd8+ Nxd8 24. Nd6 Bxd6 25. Bxd6 f5 26. Kf1
Kf7 27. Ke2 Ke6 28. Bf8 Kf7 29. Bd6 Ke6 30. Bf8 Kf7 31. Ba3 Ke6 32. Bf8 Kf7
1/2-1/2

[Event "X. Solinger Karnevalsopen"]
[Site "Solingen"]
[Date "2019.03.03"]
[Round "5.6"]
[White "Pauls, Wilhelm"]
[Black "Weinkauf, Viktor"]
[Result "1/2-1/2"]
[WhiteElo "1963"]
[BlackElo "1841"]
[PlyCount "43"]
[EventDate "2019.??.??"]
[WhiteTeam "SG Kaarst"]
[BlackTeam "Aachener SV"]

{[%evp 0,6,19,31,41,46,51,30,49]} 1. e4 e6 2. d4 d5 3. Nc3 Nf6 4. Bg5 dxe4 5.
Nxe4 Be7 6. Bxf6 Bxf6 7. Nf3 O-O 8. Bc4 b6 9. Qe2 Bb7 10. Rd1 Nd7 11. O-O Qe7
12. Rfe1 Rfd8 13. c3 c5 14. d5 exd5 15. Bxd5 Bxd5 16. Rxd5 Nf8 17. Nxf6+ Qxf6
18. Re5 Rd7 19. g3 Rad8 20. Kg2 g6 21. Re4 Ne6 22. h4 1/2-1/2

[Event "X. Solinger Karnevalsopen"]
[Site "Solingen"]
[Date "2019.03.03"]
[Round "5.7"]
[White "Fränzel, Dr. Marius"]
[Black "Marcziter, Dr. Dmitrii"]
[Result "0-1"]
[WhiteElo "1781"]
[BlackElo "2225"]
[PlyCount "62"]
[EventDate "2019.??.??"]
[WhiteTeam "SG Solingen"]
[BlackTeam "DJK Aufwärts Aachen"]

1. e4 c5 2. c3 d5 3. exd5 Qxd5 4. d4 Nf6 5. Nf3 Bg4 6. Be2 e6 7. O-O Nc6 8. Be3
cxd4 9. cxd4 Be7 10. Nc3 Qd6 11. Qb3 O-O 12. Rad1 Nb4 13. a3 Nbd5 14. Bg5 a6
15. Bxf6 Nxf6 16. Rfe1 Rfd8 17. h3 Bh5 18. Ne5 Bxe2 19. Rxe2 b5 20. Red2 Rac8
21. Nf3 Nd5 22. Ne4 Qf4 23. Ng3 g6 24. Rd3 Bf6 25. Re1 Rc1 26. Rxc1 Qxc1+ 27.
Rd1 Qc7 28. Ne4 Bg7 29. Rd2 Rc8 30. Rd3 Nf4 31. Rc3 Ne2+ 0-1

[Event "X. Solinger Karnevalsopen"]
[Site "Solingen"]
[Date "2019.03.03"]
[Round "5.8"]
[White "Jacobs, Florian"]
[Black "Schülke, Tilman"]
[Result "1-0"]
[WhiteElo "2213"]
[BlackElo "1924"]
[PlyCount "55"]
[EventDate "2019.??.??"]
[BlackTeam "Düsseldorfer SV"]

1. d4 d6 2. Nf3 Bg4 3. c4 Bxf3 4. exf3 c6 5. Nc3 e6 6. d5 e5 7. Be2 c5 8. O-O
Be7 9. f4 Nd7 10. Qa4 Kf8 11. fxe5 Nxe5 12. Bf4 Ng6 13. Be3 f5 14. Bd3 Bf6 15.
Bxf5 Bxc3 16. bxc3 Ne5 17. Rab1 b6 18. Bf4 Nf7 19. Be6 Ne7 20. Rfe1 h6 21. Bxf7
Kxf7 22. Re6 Nf5 23. Qc2 g6 24. Rbe1 h5 25. Bxd6 Qg5 26. Qe4 Qd8 27. Be7 Qd7
28. Qe5 1-0

[Event "X. Solinger Karnevalsopen"]
[Site "Solingen"]
[Date "2019.03.03"]
[Round "5.9"]
[White "Naundorf, Maik"]
[Black "Kuhn, Andreas"]
[Result "1-0"]
[WhiteElo "2147"]
[BlackElo "1895"]
[PlyCount "35"]
[EventDate "2019.??.??"]
[WhiteTeam "Königsspringer Hagen/Wetter"]
[BlackTeam "SG Niederkassel"]

1. c4 g6 2. Nc3 Bg7 3. Nf3 d6 4. g3 e5 5. Bg2 c5 6. O-O Nc6 7. a3 Nge7 8. b4
cxb4 9. axb4 Nxb4 10. Ba3 Nbc6 11. Ne4 O-O 12. Nxd6 Rb8 13. Rb1 Qa5 14. Qc1 f5
15. d3 Rd8 16. Rb5 Qc7 17. c5 b6 18. Qc4+ 1-0

[Event "X. Solinger Karnevalsopen"]
[Site "Solingen"]
[Date "2019.03.03"]
[Round "5.10"]
[White "Flesch, Dr. Stefan"]
[Black "Schmidt, Sebastian"]
[Result "1-0"]
[WhiteElo "2044"]
[BlackElo "1805"]
[PlyCount "141"]
[EventDate "2019.??.??"]
[WhiteTeam "SG Solingen"]
[BlackTeam "SV Waltrop"]

1. d4 d5 2. Nf3 Nf6 3. c4 e6 4. Nc3 Be7 5. Bg5 O-O 6. e3 Nbd7 7. cxd5 exd5 8.
Bd3 Re8 9. Qc2 c6 10. O-O h6 11. Bf4 Nf8 12. h3 Be6 13. Rab1 a5 14. a3 Bd6 15.
Bxd6 Qxd6 16. b4 Re7 17. Rfc1 axb4 18. axb4 b5 19. Ne2 Ra6 20. Ne5 Rc7 21. Bxb5
Rb6 22. Ba4 Rxb4 23. Rxb4 Qxb4 24. Nxc6 Qa3 25. Qb3 Qd6 26. Ne5 Ne4 27. Rxc7
Qxc7 28. Qd1 Qe7 29. Nf3 Qa7 30. Bb3 Qa5 31. Nf4 Qb5 32. Bc2 Nd6 33. Nxe6 Nxe6
34. Qb1 Kf8 35. Qxb5 Nxb5 36. Bb3 Nc3 37. Kf1 Ke7 38. Ke1 Kd6 39. Ne5 f6 40.
Nd3 Nb5 41. Nb4 Nbc7 42. Kd2 Ng5 43. f3 Nge6 44. h4 Nd8 45. g3 Nde6 46. Kd3 Nd8
47. e4 dxe4+ 48. fxe4 Nb7 49. Ke3 Na5 50. Bg8 Nb5 51. Nc2 Nc3 52. Na3 Nd1+ 53.
Ke2 Nc3+ 54. Kd3 Na4 55. Nc4+ Nxc4 56. Bxc4 Nb2+ 57. Kc3 Nd1+ 58. Kd2 Nf2 59.
Ke3 Nd1+ 60. Kf3 Nb2 61. Bb5 Nd1 62. Kf4 Nc3 63. Bc4 Na4 64. Kf5 Nc3 65. Bd3
Nd1 66. Kg6 Nf2 67. Bc2 Nh1 68. Kxg7 Nxg3 69. Kxf6 Ne2 70. e5+ Kd7 71. d5 1-0

[Event "X. Solinger Karnevalsopen"]
[Site "Solingen"]
[Date "2019.03.03"]
[Round "5.11"]
[White "Müller, Adrian"]
[Black "Tremöhlen, Thomas"]
[Result "0-1"]
[WhiteElo "1919"]
[BlackElo "1980"]
[PlyCount "46"]
[EventDate "2019.??.??"]
[WhiteTeam "Fideler Bauer Leverkusen"]
[BlackTeam "SG Kaarst"]

1. e4 c5 2. Nf3 Nc6 3. d4 cxd4 4. Nxd4 e5 5. Nb5 a6 6. Nd6+ Bxd6 7. Qxd6 Qf6 8.
Qd1 Qg6 9. Nc3 Nge7 10. h4 h5 11. Bg5 d5 12. exd5 Nd4 13. Bd3 Bf5 14. Bxf5
Nexf5 15. Qd2 f6 16. O-O-O fxg5 17. hxg5 O-O 18. Rh3 Rac8 19. Rdh1 h4 20. g3
Nf3 21. Qd3 Nxg5 22. g4 Nxh3 23. gxf5 Qg5+ 0-1

[Event "X. Solinger Karnevalsopen"]
[Site "Solingen"]
[Date "2019.03.03"]
[Round "5.12"]
[White "Ipekyilmaz, Tayfun"]
[Black "Vranidis, Athanassios"]
[Result "0-1"]
[WhiteElo "1754"]
[BlackElo "1976"]
[PlyCount "64"]
[EventDate "2019.??.??"]
[WhiteTeam "Langenfelder SF"]
[BlackTeam "SG Solingen"]

1. e4 c5 2. Nf3 d6 3. d4 cxd4 4. c3 dxc3 5. Nxc3 Nc6 6. Bc4 e6 7. O-O a6 8. Be3
Be7 9. Qe2 Nf6 10. Rfd1 Qc7 11. Rac1 O-O 12. Bb3 Qb8 13. Bb6 Bd7 14. Rd2 Bd8
15. Na4 Na5 16. Bxd8 Qxd8 17. Rxd6 Nxb3 18. axb3 Rc8 19. Rcd1 Qe7 20. Nb6 Rc7
21. Nxd7 Rxd7 22. Rxd7 Nxd7 23. Qc4 Nf6 24. h3 h6 25. Ne5 Rd8 26. Rxd8+ Qxd8
27. Nd3 Qe7 28. f3 Nh5 29. Kf2 Qd6 30. Qc3 Qb6+ 31. Nc5 Nf4 32. Qe3 Qxc5 0-1

[Event "X. Solinger Karnevalsopen"]
[Site "Solingen"]
[Date "2019.03.03"]
[Round "5.13"]
[White "Struck, Lasse"]
[Black "Fuß, Jean-Pierre"]
[Result "1/2-1/2"]
[WhiteElo "1718"]
[BlackElo "1965"]
[PlyCount "66"]
[EventDate "2019.??.??"]
[WhiteTeam "SF Essen-Katernberg"]
[BlackTeam "SV Turm Sankt Augustin"]

1. e4 c5 2. c4 Nc6 3. g3 g6 4. Bg2 Bg7 5. Ne2 d6 6. O-O h5 7. h4 Nd4 8. Nxd4
cxd4 9. d3 Nf6 10. Nd2 a5 11. Nf3 Ng4 12. b3 O-O 13. Bb2 Qb6 14. a3 Bd7 15. Qc2
Rac8 16. b4 e5 17. Qb3 Bh6 18. Bc1 Bxc1 19. Rfxc1 Kg7 20. Bh3 Nf6 21. Bxd7 Nxd7
22. Ng5 Nc5 23. Qb1 axb4 24. axb4 Na6 25. Ra4 Ra8 26. Qa1 Rae8 27. Qa3 f6 28.
Nh3 f5 29. c5 dxc5 30. bxc5 Qc6 31. Ng5 Re7 32. Rac4 Rc8 33. Qb3 Qf6 1/2-1/2

[Event "X. Solinger Karnevalsopen"]
[Site "Solingen"]
[Date "2019.03.03"]
[Round "5.14"]
[White "Atali, Dogukan"]
[Black "Kushchan, Eduard"]
[Result "0-1"]
[WhiteElo "1709"]
[BlackElo "1944"]
[PlyCount "90"]
[EventDate "2019.??.??"]
[WhiteTeam "SV Waltrop"]
[BlackTeam "SG Solingen"]

{[%evp 0,57,19,31,76,64,81,75,88,17,53,35,30,23,38,46,-3,-25,-44,-47,-16,-30,
-11,-43,-21,-21,-30,-96,-73,-103,-39,-43,-21,-6,-12,-62,-34,-54,-54,-111,-103,
-129,-149,-170,-170,-189,0,42,53,15,13,13,3,10,10,10,11,3,5,0]} 1. e4 d6 2. d4
Nf6 3. Nc3 g6 4. f4 Bg7 5. Nf3 O-O 6. Be2 c5 7. dxc5 Qa5 8. cxd6 Nxe4 9. Bd2
Nxd2 10. Qxd2 exd6 11. O-O Qb6+ 12. Kh1 Qxb2 13. Nd5 Nc6 14. a3 Bf5 15. Bd3
Bxd3 16. Qxd3 Nd4 17. Rab1 Qxc2 18. Qxc2 Nxc2 19. Rfd1 Rab8 20. Rb3 Rfe8 21.
Kg1 Re4 22. Kf1 Nd4 23. Nxd4 Rxd4 24. Rxd4 Bxd4 25. Ne7+ Kg7 26. Nc6 bxc6 27.
Rxb8 Kf6 28. Rc8 c5 29. Rc7 a5 30. Ke2 d5 31. Kd3 Ke6 32. g4 Bg1 33. h3 c4+ 34.
Kc3 g5 35. f5+ Kd6 36. Rxf7 Bh2 37. Rf6+ Kc5 38. Re6 d4+ 39. Kd2 Bf4+ 40. Kd1
d3 41. Re8 c3 42. Rc8+ Kd4 43. Rd8+ Kc4 44. Rc8+ Kb3 45. f6 c2+ 0-1

[Event "X. Solinger Karnevalsopen"]
[Site "Solingen"]
[Date "2019.03.03"]
[Round "5.15"]
[White "Krüger, Till"]
[Black "Schütz, Samson"]
[Result "1-0"]
[WhiteElo "1926"]
[BlackElo "1709"]
[PlyCount "77"]
[EventDate "2019.??.??"]
[WhiteTeam "SC Nidderau"]
[BlackTeam "Fideler Bauer Leverkusen"]

1. e4 e5 2. Nf3 Nc6 3. Nc3 Nf6 4. d4 Bd6 5. d5 Ne7 6. Bd3 O-O 7. Bg5 Ng6 8. h3
h6 9. Be3 c6 10. O-O Bb4 11. dxc6 dxc6 12. Ne2 Be6 13. c3 Ba5 14. Qc2 Bb6 15.
Bxb6 Qxb6 16. b3 Rad8 17. Rad1 Nd7 18. Nd2 Nc5 19. Bc4 Qc7 20. Bxe6 Nxe6 21. g3
Ng5 22. Kg2 Qc8 23. Rh1 b5 24. h4 Nh7 25. h5 Ne7 26. Nf3 Qe6 27. c4 a6 28. cxb5
cxb5 29. Rxd8 Rxd8 30. Rd1 Rc8 31. Qd3 Nf8 32. Nc3 f6 33. Nd5 Nxd5 34. exd5 Qd6
35. Nh4 Nh7 36. Nf5 Qd7 37. d6 Kf8 38. Ne7 Rd8 39. Qxh7 1-0